Statistiken für Mannschaften gegen die Serhou Guirassy getroffen hat

Klicken Sie hier um das Quiz zu spielen!

Allgemein

  • Dieses Quiz wurde 30 mal gespielt
    (9 seit der letzten Aktualisierung)
  • Das Durchschnittsergebnis liegt bei 19 aus 44

Antwortstatistiken

ToreMannschaft% Korrekt
2Bayer Leverkusen
88%
1Bayern München
88%
1Borussia Dortmund
88%
2FC Schalke 04
88%
1M'Gladbach
88%
1RB Leipzig
88%
4VfL Wolfsburg
88%
11.FC Heidenheim
75%
2Darmstadt 98
75%
1FC Augsburg
75%
5FSV Mainz 05
75%
1TSG Hoffenheim
75%
1Union Berlin
75%
3VfL Bochum
75%
2Hertha BSC
63%
3Paris Saint-Germain
63%
3SC Freiburg
63%
1St.Pauli
63%
1Arminia Bielefeld
50%
1Hamburger SV
50%
2LOSC Lille
50%
2Olympique Marseille
50%
1AS Monaco
38%
2FC Girondins Bordeaux
38%
1HSC Montpellier
38%
1OGC Nizza
38%
1AS Saint-Étienne
25%
1SC Paderborn
25%
2Stade Brest
25%
1Stade Rennes
25%
2Angers SCO
13%
1EA Guingamp
13%
1FC Arsenal
13%
1FC Chelsea
13%
5FC Metz
13%
4Nimes
13%
2Stade Reims
13%
2Troyes
13%
1BATE Borisov
0%
1FK Krasnodar
0%
1NS Mura
0%
1Rosenborg
0%
1TSG Balingen
0%
1Vitesse Arnheim
0%

Verteilung der Resultate

Perzentil nach korrekt beantworteten Fragen

Anzahl Personen mit jedem Resultat

Ihre Resultats-Entwicklung

Sie haben dieses Quiz seit der letzten Aktualisierung nicht gespielt